000 00727nas a2200253 4500
001 BR7302252
003 BR-BrBNA
005 20231205082424.0
007 ta
008 230509b bl.|||p| |||| 00| 00por d
040 _aBR-BrBNA
_bpor
_cBiblioteca Nacional de Agricultura
041 _a(En)
072 _aF50
100 1 _aMelhem, T.S.
100 1 _aRossi, C.L.D.B.
100 1 _aSilvestre, M.S.F.
245 1 _aPollen morphological studies in Rubiaceae [familia angiosperma, polen]
650 _aMORFOLOGIA VEGETAL
650 _aPOLEN
650 _aRUBIACEAE
773 0 _tHoehnea (Brazil)
_xISSN 0073-0912
_g(Dec 1974), v. 4 p. 49-70
_wBR7302252
909 _a202311
_bLúcia
_c55
_dLúcia Elande
942 _2AGRIS
_n0
_cANA
999 _c91666
_d91666